| 000 | 00359 a2200133 4500 | ||
|---|---|---|---|
| 003 | Nust | ||
| 005 | 20170207170226.0 | ||
| 040 | _cNust | ||
| 082 | _a799 | ||
| 245 |
_aOpening Address-Deg Cources NCs & PCs,Photographs-2014 _cMCS |
||
| 260 |
_aRawalpindi _bMCS _c06-11-2014 |
||
| 650 | _aOpening Address-Deg Cources NCs & PCs,Photographs-2014 | ||
| 651 | _aSweet Memories-MCS | ||
| 942 | _cBK | ||
| 999 |
_c214487 _d214487 |
||